00913nam a2200241 a 4500999001500000001000600015003000900021005001700030008004100047020001800088040003800106082002000144100001800164245011200182250001200294260006800306300004500374504005100419650003400470650003700504942001200541952011800553 c1501d150115319BD-DhUAP20200209111145.0200209s20101906nyuab b 001 0 eng  a9788175341807 aBD-DhUAPcBD-DhUAPdBD-DhUAPbEng00a345.052 GRO223 aGross, Hanns.10aCriminal investigation :ba practical textbook for magistrates, police officers and lawyers /cHanns Gross. a5th ed. aNew Delhi :bUniversal law publishing,cc1962 [Reprinted 2010]. axxi, 448 pages :billustrations,c25 cm. aIncludes bibliographical references and index. 0aCriminal investigation911647 0aCriminals Identification.911648 2ddccBK 00102ddc4070aUAPCLbUAPCLcGeneral Stacksd2020-02-09o345.052 GROp3010015319r2020-02-09t1w2020-02-09yBK